Kraje z lisem polarnym - Statystyki

Ogólne statystyki
  • Ten quiz został rozwiązany 101 razy
    66 od ostatniego zresetowania
  • Średni wynik to 8 z 8
Statystyki odpowiedzi
Wielkość Państwa Kraj % Poprawnych
17 100 000 km² Rosja
100%
338 440 km² Finlandia
97%
385 203 km² Norwegia
97%
9 834 000 km² Stany Zjednoczone
97%
450 295 km² Szwecja
97%
2 166 000 km² Grenlandia
95%
9 985 000 km² Kanada
95%
103 000 km² Islandia
89%
Nie znaleziono quizów pasujących do podanych kryteriów
Rozkład punktacji
Procent ludzi z każdym wynikiem
Percentyl według liczby udzielonych odpowiedzi
Twoja historia wyników
Nie rozwiązałeś tego quizu od ostatniego zresetowania